12 Judges Quiz - Statistics

General Stats
  • This quiz has been taken 37 times
  • The average score is 6 of 12
Answer Stats
Judges % Correct
Deborah
100%
Samson
100%
Gideon
75%
Ehud
63%
Othniel
50%
Abdon
38%
Elon
38%
Shamgar
38%
Tola
38%
Ibzan
25%
Jair
25%
Jepthah
13%
No matching quizzes found
Score Distribution
Percent of People with Each Score
Percentile by Number Answered
Your Score History
You have not taken this quiz